Elogio de la imperfección /

Guardado en:
Bibliografiske detaljer
Hovedforfatter: Levi Montalcini, Rita (autor)
Andre forfattere: Cavalli-Sforza, Luigi Luca (prefacio) (prefacio), Salmerón, Juan Manuel (traducción) (traducción)
Format: Bog
Sprog:spansk
Udgivet: México : Tusquets, 2011, c2011
Serier:(Tiempo de Memoria ; 87)
Fag:
Tags: Tilføj Tag
Ingen Tags, Vær først til at tagge denne postø!

MARC

LEADER 00000nam^a2200000^a^4500
001 000402081
005 20250910000000.0
009 20260310121702.993
020 |a 978-607-421-273-0 
037 |a Acervo ITESO - Biblioteca 
041 |a ESP 
082 |a 610. 92  |b LEV 
100 |a Levi Montalcini, Rita  |e (autor) 
245 1 0 |a Elogio de la imperfección /  |c R. Levi Montalcini ; pref. de L.C. Cavalli-Sforza ; tr. por J.M. Salmerón. 
246 2 |a Título en la cubierta: Elogio de la imperfección: XXV aniversario del Premio Nobel de Medicina 1986 
264 4 |a México :  |b Tusquets,  |c 2011, c2011 
300 |a 296 p. 
336 |a texto  |b txt  |2 rdacontenido 
337 |a sin mediación  |b n  |2 rdamedio 
338 |a volumen  |b nc  |2 rdasoporte 
440 1 |a (Tiempo de Memoria ;  |v 87) 
500 |a Traducción de: Elogio dell'imperfezione 
586 |a Premio Nobel de Fisiología o Medicina 1986, ex aequo: Memorias 
649 |a XX 
650 |a Médicos Italianos -  |x Memorias 
650 |a Científicos Italianos -  |x Memorias 
650 |a Sistema Nervioso 
650 |a Neurobiología 
650 |a Neurología 
650 |a Medicina 
650 |a Levi Montalcini, Rita  |x Tema Principal 
700 |a Cavalli-Sforza, Luigi Luca  |e (prefacio) 
700 |a Salmerón, Juan Manuel  |e (traducción) 
910 |a Fondo General 
920 |a Impresos - Libros 
930 |a Colección General 
905 |a 101 
901 |a 0500297412  |b IT1  |c ACC  |i c142851  |u 20250521 
902 |a https://opac.biblio.iteso.mx/vufind/Record/000402081